000 00293nam a2200121Ia 4500
005 20251222144715.0
008 251222s9999||||xx |||||||||||||| ||spa||
082 _a861.5/I59
245 0 _aMartín Fierro
250 _a1ra. ed.
264 _bInstituto Salesiano de Arte Gráficas
942 _cLIB
999 _c17989
_d17989